000
00339nam a22001457a 4500
003
OSt
008
220511b ||||| |||| 00| 0 eng d
020
_a
9788131501955
100
_a
UYEMURA,John P
245
_a
Chip Design for Submicron VLSI
250
_a
10th
260
_a
New Delhi
_b
Cengage
_c
2012
300
_a
411
942
_2
ddc
_c
BK
999
_c
11214
_d
11214